| 000 | 03460cam a2200361 a 4500 | ||
|---|---|---|---|
| 001 | 15208610 | ||
| 003 | NUST | ||
| 005 | 20240229115819.0 | ||
| 008 | 080306s2008 pauabf b 001 0 eng | ||
| 010 | _a 2008010532 | ||
| 020 | _a9780812220377 | ||
| 035 | _a(OCoLC)213599296 | ||
| 038 | _aMalang Jan | ||
| 040 |
_aDLC _cDLC _dBTCTA _dBAKER _dYDXCP _dC#P _dCDX _dBWX _dIXA _dDLC |
||
| 050 | 0 | 0 |
_aHT241 _b.G76 2008 |
| 082 | 0 | 0 |
_a307.76 _222 _bGRO |
| 245 | 0 | 0 |
_aGrowing greener cities : _burban sustainability in the twenty-first century / _cedited by Eugenie L. Birch and Susan M. Wachter. |
| 260 |
_aPhiladelphia : _bUniversity of Pennsylvania Press, _cc2008. |
||
| 300 |
_axii, 392 p., [16] p. of plates : _bill. (some col.), maps (some col.) ; _c23 cm. |
||
| 490 | 1 | _aThe city in the twenty-first century | |
| 504 | _aIncludes bibliographical references and index. | ||
| 505 | 0 | _aPreface: common ground, common good / Amy Gutmann -- Introduction: urban greening and the green city ideal / Eugenie L. Birch and Susan M. Wachter -- Greening at every scale: nation to roof tops -- Taking the initiative: why cities are greening now / Tom Daniels -- Growing greener regions / Robert D. Yaro and David M. Kooris -- The inter-regional dimension: the greening of London and the wider South East / Robin Thompson -- Greening cities: a public realm approach / Alexander Garvin -- Growing greener, New York style / Rachel Weinberger -- Greener homes, greener cities: expanding affordable housing and strengthening cities through sustainable residential development / Stockton Williams and Dana L. Bourland -- Getting greening done -- Urban stream restoration: recovering ecological services in degraded watersheds / Rutherford H. Platt ... [et al.] -- The role of citizen activists in urban infrastructure development / Paul R. Brown -- Blue-green practices: why they work and why they have been so difficult to implement through public policy / Charlie Miller -- The roots of the urban greening movement / Victor Rubin -- Leveraging media for social change / Harry Wiland and Dale Bell -- Transformation through greening / J. Blaine Bonham, Jr., and Patricia L. Smith -- Community development finance and the green city / Jeremy Nowak -- Growing edible cities / Domenic Vitiello -- Measuring urban greening -- Ecosystem services and the green city / Dennis D. Hirsch -- Metro nature: its functions, benefits, and values / Kathleen L. Wolf -- Green investment strategies: how they matter for urban neighborhoods / Susan M. Wachter, Kevin C. Gillen, and Carolyn R. Brown -- Measuring the economic impacts of greening: the center for neighborhood technology green values calculator / Julia Kennedy, Peter Haas, and Bill Eyring -- What makes today's green city? / Warren Karlenzig -- Afterword / Neal Peirce -- List of contributors. | |
| 650 | 0 |
_aUrban ecology (Sociology) _9927 |
|
| 650 | 0 |
_aCity planning _xEnvironmental aspects. _9929 |
|
| 650 | 0 |
_aUrban beautification _xEnvironmental aspects. _9121685 |
|
| 700 | 1 |
_aBirch, Eugenie Ladner. _9121686 |
|
| 700 | 1 |
_aWachter, Susan M. _9121687 |
|
| 830 | 0 |
_aCity in the twenty-first century book series. _9121688 |
|
| 856 | 4 | 1 |
_3Table of contents only _uhttp://www.loc.gov/catdir/toc/ecip0813/2008010532.html |
| 906 |
_a7 _bcbc _corignew _d1 _eecip _f20 _gy-gencatlg |
||
| 942 |
_2ddc _cBK |
||
| 999 |
_c608482 _d608482 |
||